000 00830nam a2200193Ii 4500
003 JO-AjNU
008 230605s9999||||xx |||||||||||||| ||und||
040 _aJO-AjNU
_bara
_erda
_cJO-AjNU
041 _aara
050 1 4 _aHF 5657.4.B32 2009
100 3 _aيدوي، محمد عباس/ م.مشارك: الاميرة ابراهيم عثمان، اشرف صلاح الدين صلاح,
_eauthor
_928764
245 0 0 _aالمحاسبة الادارية ودراسات الجدوى الاقتصادية
264 3 1 _aالاسكندرية: المكتب الجامعي الحديث، 2009
300 _a771ص
_bيحتوي على ببلوغرافية من ص765-771ص
336 _atext
_btxt
_2rdacontent
337 _aunmediated
_bn
_2rdamedia
338 _avolume
_bnc
_2rdacarrier
650 4 _aالمحاسبة الادارية
_928765
999 _aA11196
_c14764
_d14764